000 00605nam a2200205Ia 4500
005 20250508154523.0
008 008 250505s9999 xx 000 0 eng d
037 _aTextual
040 _aFEDL
_beng
_cFEDL
041 _aeng
_2eng
084 _a371.425, BAE
_qFEDL
100 _aBaer Mare F
_9760136
245 0 _aOccupational Information: Its nature and use
260 _aChicago, USA
_bScience Research Associates
_c1951
300 _ax,603p.
490 _aProfessional guidance
700 _a Roeber Edward C
_9765565
942 _cTEXL
_h371.425, BAE
999 _c1350734
_d1350734